| 000 | 00427pam a2200157 a 4500 | ||
|---|---|---|---|
| 020 | _a004581015X : | ||
| 020 | _a0045810168 (pbk.) : | ||
| 040 | _cDLC | ||
| 082 | 0 | 0 | _a581 G.AL 1984 A029 Or. |
| 100 | 1 | _aMeidner, Hans. | |
| 245 | 1 | 0 | _aClass experiments in plant physiology / |
| 260 |
_aLondon ; _aBoston : _bG. Allen & Unwin, _c1984. |
||
| 300 |
_axiii, 169 p. : _bill. ; _c25 cm. |
||
| 650 | 0 | _aPlant physiology | |
| 942 | _cEK | ||
| 999 |
_c11517 _d11517 |
||